Tìm hiểu việc dạy thơ cho trẻ mầm non

Thơ ca với trẻ mầm non...Khảo sát việc dạy học thơ và dạy thơ cho trẻ trong trường mầm non. Một số biện pháp nâng cao việc dạy thơ cho trẻ.

Đã lưu trong:
Sonraí Bibleagrafaíochta
Príomhúdar: Đoàn, Công Kim Chung (Tác giả)
Údair Eile: Nguyễn Thị Như Sanh Th.S (Hướng dẫn)
Formáid: Leabhar
Teanga:Vietnamese
Foilsithe: Đà Nẵng Đại học Đà Nẵng 2009
Ábhair:
Clibeanna: Cuir Clib Leis
Gan Chlibeanna, Bí ar an gcéad duine leis an taifead seo a chlibeáil!
Thư viện lưu trữ: Mạng thư viện Đại học Đà Nẵng
LEADER 01487nam a2200373 4500
001 000011861
003 8140
005 20120213100213.0
008 120213s2009 viesd
041 |a vie 
072 |a Khóa luận tốt nghiệp 
082 |a 372.218  |b ĐO-C 
100 |a Đoàn, Công Kim Chung  |e Tác giả 
245 |a Tìm hiểu việc dạy thơ cho trẻ mầm non  |c Đoàn Công Kim Chung 
260 |a Đà Nẵng  |b Đại học Đà Nẵng  |c 2009 
300 |a 103 tr.  |c 29 cm 
500 |a Khóa luận tốt nghiệp khoa Tiểu học - Mầm non. Chuyên ngành: Giáo dục mầm non 
520 |a Thơ ca với trẻ mầm non...Khảo sát việc dạy học thơ và dạy thơ cho trẻ trong trường mầm non. Một số biện pháp nâng cao việc dạy thơ cho trẻ. 
653 |a Thơ ca 
653 |a Dạy trẻ 
653 |a Mầm non 
653 |a Tìm hiểu 
653 |a Biện pháp 
700 |a Nguyễn Thị Như Sanh  |c Th.S  |e Hướng dẫn 
OWN |a LSP 
AVA |a UDN50  |b LSP  |d 372.218 ĐO-C  |e available  |t Error 5001 Not defined in file expand_doc_bib_avail.  |f 1  |g 0  |h N  |i 0  |k 1 
999 |a From the UDN01 
AVA |a UDN50  |b LSP  |d 372.218 ĐO-C  |e available  |t Error 5001 Not defined in file expand_doc_bib_avail.  |f 1  |g 0  |h N  |i 0  |k 1 
TYP |a Monograph 
TYP |a Printed language 
980 |a Mạng thư viện Đại học Đà Nẵng